000 00430nam a2200193Ia 4500
005 20240823035631.0
008 240823s9999||||xx |||||||||||||| ||und||
020 _a978-93-81506-11-0
041 _aENGLISH
082 _A823.92 Q2
100 _aVinod Joseph
245 0 _aWhen the Snow Melts
250 _a1st
260 _c2012
_bAmar
500 _aYES
650 _aSnow Melts
_bGeneral
942 _cBK
999 _c201157
_d201157